| 000 | 00998cam a22002774a 4500 | ||
|---|---|---|---|
| 001 | 12687966 | ||
| 003 | ARRUPE | ||
| 005 | 20131001162949.0 | ||
| 008 | 020227r20021998miu 000 0 eng | ||
| 010 | _a 2002019448 | ||
| 020 | _a0802839584 (pbk. : alk. paper) | ||
| 035 | _a(DLC) 2002019448 | ||
| 035 | _a(DLC)3954 | ||
| 040 |
_aDLC _cDLC _dDLC |
||
| 042 | _apcc | ||
| 050 | 0 | 0 |
_aBX1779.5 _b.H43 2002 |
| 100 | 1 |
_aHeaps, John. _91940 |
|
| 245 | 1 | 2 |
_aA love that dares to question : _ba bishop challenges his church / _cJohn Heaps. |
| 260 |
_aNorwich _bCanterbury Press _c2001. |
||
| 300 |
_a119 p. ; _c22 cm. |
||
| 500 | _aOriginally published: Richmond, Vic., Australia : Aurora Books, 1998. | ||
| 610 | 2 | 0 |
_aCatholic Church _vControversial literature. _91941 |
| 906 |
_a7 _bcbc _corignew _d1 _eocip _f20 _gy-gencatlg |
||
| 942 |
_2lcc _cMONOGRAPH |
||
| 999 |
_c118204 _d118204 |
||